Loading...
| Fine Arts - Classical Music | 9 | 22.22 | 5,044% | 722% | 489% |
| Fine Arts - Other | 6 | 18.33 | 4,867% | 383% | 550% |
| Fine Arts - Painting & Sculpture | 6 | 13.33 | 5,117% | 150% | 417% |
| History - American | 5 | 22.00 | 5,240% | 680% | 520% |
| History - European | 8 | 21.25 | 5,888% | 625% | 425% |
| History - Other | 6 | 16.67 | 2,767% | 400% | 550% |
| History - World | 8 | 16.25 | 5,700% | 275% | 325% |
| Literature - American | 6 | 15.00 | 2,417% | 300% | 717% |
| Literature - British | 7 | 12.86 | 2,071% | 457% | 357% |
| Literature - European | 6 | 21.67 | 5,467% | 717% | 367% |
| Literature - World | 6 | 16.67 | 5,117% | 417% | 450% |
| Mythology | 9 | 14.44 | 3,933% | 244% | 456% |
| Other | 9 | 18.89 | 5,211% | 567% | 444% |
| Philosophy | 6 | 11.67 | 2,417% | 0% | 700% |
| Religion | 8 | 20.00 | 4,425% | 588% | 525% |
| Science - Biology | 5 | 20.00 | 3,540% | 420% | 600% |
| Science - Chemistry | 4 | 25.00 | 7,675% | 875% | 425% |
| Science - Other | 4 | 20.00 | 4,150% | 525% | 375% |
| Science - Physics | 6 | 16.67 | 3,233% | 683% | 283% |
| Social Science | 6 | 21.67 | 5,400% | 583% | 700% |